| 000 | 00944cam a22002174a 4500 | ||
|---|---|---|---|
| 005 | 20250605164214.0 | ||
| 008 | 250528s ||||||||||||||||||||||||d | ||
| 035 | _a20410 | ||
| 020 | _a140124802 | ||
| 040 |
_aGR-AtMCL _bgre _dGR-AtMCL _eAACR2 |
||
| 245 | 1 | _aAnatomy of Critisism / Four Essays | |
| 250 | _a1st | ||
| 260 |
_bPenguin Books, _c1957 |
||
| 300 | _a390 | ||
| 505 | 0 | _aPolemical Introduction, Historical Critisism: Theory of Modes, Ethical Critisism: Theory of Symbols, Archetypal Critisism: Theory of Myths, Rhetorical Critisism: Theory of Genres, Tentative Conclusion, Notes, Glossary, Index. | |
| 520 | _aPolemical Introduction, Historical Critisism: Theory of Modes, Ethical Critisism: Theory of Symbols, Archetypal Critisism: Theory of Myths, Rhetorical Critisism: Theory of Genres, Tentative Conclusion, Notes, Glossary, Index. | ||
| 700 | 1 |
_aFrye Northrop _96391 |
|
| 942 | _cBK | ||
| 999 |
_c5519 _d5519 |
||